ნორმალური ფორმატი
MARC ფორმატი
ჩანაწერი Personal Name
ჩანაწერთა რაოდენობა, რომელიც გამოყენებულია: 1
001 - CONTROL NUMBER
- control field: 23527
003 - CONTROL NUMBER IDENTIFIER
- control field: GE_BSU
005 - DATE AND TIME OF LATEST TRANSACTION
- control field: 20241028155601.0
008 - FIXED-LENGTH DATA ELEMENTS
- fixed length control field: 241028|| aca||aabn | a|a d
040 ## - CATALOGING SOURCE
- Original cataloging agency: GE_BSU
- Transcribing agency: GE_BSU
100 ## - HEADING--PERSONAL NAME
- Personal name: ხარშილაძე, ირმა
670 ## - SOURCE DATA FOUND
- Source citation: Work cat.: (GE_BSU)47221: ჯავახიშვილი, მიხეილ 1373, არსენა მარაბდელი : წიგნი II :
